000 00578nam a22002057a 4500
003 koha_MIRAKIL
005 20231213095447.0
008 231213b |||||||| |||| 00| 0 ||| d
020 _b9-75331291-1
040 _aTR-IsEVY
_btur
_cTR-IsEVY
082 _a823 RUS/N
100 _aRushton, Rosie.
245 0 _aNeden herkes bana karşı?
250 _a6. bs.
260 _bEpsilon Yayıncılık,
_c2009
300 _a158 s.
650 _aEnglish literature -- Fiction -- Youth stories.
650 _aİngiliz edebiyatı -- Roman -- Gençlik hikayeleri.
942 _2ddc
_cBK
999 _c3996
_d3996